000
00334pab a2200145 454500
008
180718b2006 xxu||||| |||| 00| 0 eng d
100
_a
Gupta, Ankur
245
_a
Criminal justice: historic-legal quagmire
260
_c
2006
300
_a
p.75-77.
362
_a
Oct
650
_a
Criminal law
773
_a
Yojana
909
_a
71729
999
_c
71729
_d
71729